Logo BPK

Biblioteka

Politechniki Koszalińskiej

Materiałoznawstwo : (Rekord nr 3850)

Szczegóły MARC
000 -ETYKIETA REKORDU
podpole kontrolne o stałej długości 00350nam a2200145 i 4500
001 - NUMER KONTROLNY REKORDU
pole kontrolne bg
040 ## - ŹRÓDŁO KATALOGOWANIA
Instytucja, która utworzyła rekord BPK
041 ## - KOD JĘZYKA
Kod języka tekstu pol
008 - POLE O STAŁEJ DŁUGOŚCI - DANE KONTROLNE
podpole kontrolne o stałej długości s pl f |000 0 pol
100 1# - NAZWA OSOBOWA
Nazwa osobowa SĘDZIERSKI, K.
245 #0 - TYTUŁ/ODPOWIEDZIALNOŚĆ
Tytuł Materiałoznawstwo :
Ciąg dalszy tytułu tworzywa sztuczne /
Pozostałe elementy strefy tytułu i oznaczenia odpowiedzialności K. Sędzierski.
250 ## - STREFA WYDANIA
Oznaczenie wydania Wyd.3 rozsz.
260 ## - STREFA ADRESU WYDAWNICZEGO
Miejsce wydania Bydgoszcz,
Data publikacji, dystrybucji/powstania dokumentu 1988.
856 ## - LOKALIZACJA I DOSTĘP DO ELEKTRONICZNYCH DOKUMENTÓW ZDALNYCH
Link (URL) http://koha.tu.koszalin.pl/cgi-bin/koha/opac-detail.pl?biblionumber=3850
Tekst linku Katalog online BPK
942 ## - DODATKOWE ELEMENTY (KOHA)
Typ dokumentu Książka
Egzemplarze
Wycofany Status egzemplarza Uszkodzony Dostępność Lokalizacja stała Lokalizacja bieżąca Miejsce przechowywania Sygnatura Kod kreskowy Ostatnio wypożyczono Typ dokumentu
      Dostępny Biblioteka Politechniki Koszalińskiej Biblioteka Politechniki Koszalińskiej Wypożyczalnia BG P 38605 01041613 04.03.2022 Książka
© 2023 Biblioteka Politechniki Koszalińskiej :: KOHA